Circular Economy Assessment and Case Studies

Guardado en:
Detalles Bibliográficos
Otros Autores: Muthu, Subramanian Senthilkannan
Formato: Libro
Lenguaje:inglés
Publicado: Singapore Springer 2021
Materias:
Etiquetas: Agregar Etiqueta
Sin Etiquetas, Sea el primero en etiquetar este registro!

MARC

LEADER 00000nam a2200000 4500
001 0286373
005 20240221111221.5
020 |a 978-981-16-3697-4 
041 0 |a eng 
044 |a SG 
245 1 0 |a Circular Economy  |b Assessment and Case Studies  |c editor Subramanian Senthilkannan Muthu 
264 1 |a Singapore  |b Springer  |c 2021 
300 |a 220 s. 
610 2 0 |a hospodárstvo obehové 
610 2 0 |a priemysel textilný 
610 2 0 |a produkty 
610 2 0 |a retailing 
610 2 0 |a hospodárstvo odpadové 
610 2 0 |a voda 
610 2 0 |a ochrana prostredia životného 
610 2 0 |a politika environmentálna 
610 2 0 |a rozvoj trvalo udržateľný 
610 2 0 |a riadenie reťazcov dodávateľských 
700 1 |a Muthu, Subramanian Senthilkannan